|
|
|
|
| LEADER |
00000naa2a2200000 4500 |
| 001 |
194365 |
| 005 |
20260126110517.0 |
| 035 |
|
|
|a (RuTPU)RU\TPU\book\211987
|
| 090 |
|
|
|a 194365
|
| 100 |
|
|
|a 20110413d2009 k y0rusy50 ca
|
| 101 |
0 |
|
|a rus
|
| 102 |
|
|
|a RU
|
| 135 |
|
|
|a drnn ---uucaa
|
| 181 |
|
0 |
|a i
|
| 182 |
|
0 |
|a b
|
| 200 |
1 |
|
|a Многосвязные системы автоматического регулирования энергоблоков. Возможно ли повышение эффективности?
|f А. А. Антропов
|
| 203 |
|
|
|a Текст
|c электронный
|
| 215 |
|
|
|a 1 файл (1 324 Кб)
|
| 300 |
|
|
|a Заглавие с титульного экрана
|
| 337 |
|
|
|a Adobe Reader
|
| 463 |
|
1 |
|0 (RuTPU)RU\TPU\book\211985
|t Средства и системы автоматизации: проблемы и решения
|o материалы десятой научно-практической конференции (19-20 ноября 2009 г.)
|f ЗАО "ЭлиСи"
|d 2009
|
| 606 |
1 |
|
|a Теплоэнергетика
|x Автоматизация
|2 stltpush
|3 (RuTPU)RU\TPU\subj\68107
|9 83637
|
| 610 |
1 |
|
|a энергоблоки
|
| 610 |
1 |
|
|a системы автоматического регулирования
|
| 610 |
1 |
|
|a технологические параметры
|
| 610 |
1 |
|
|a локальные системы
|
| 610 |
1 |
|
|a структурные схемы
|
| 610 |
1 |
|
|a многосвязные системы
|
| 610 |
1 |
|
|a эффективность
|
| 610 |
1 |
|
|a регуляторы
|
| 610 |
1 |
|
|a электронный ресурс
|
| 675 |
|
|
|a 621.1-5
|v 3
|
| 700 |
|
1 |
|a Антропов
|b А. А.
|
| 801 |
|
1 |
|a RU
|b 63413507
|c 20110413
|
| 801 |
|
2 |
|a RU
|b 63413507
|c 20120424
|g RCR
|
| 856 |
4 |
|
|u http://www.lib.tpu.ru/fulltext/v/Conferences/2009/k01/01.pdf
|
| 942 |
|
|
|c CF
|